000 01124cad a22002415a 4500
001 L157576
008 130124s2013 xxk f 000 0 eng d
035 _a(Sirsi) u157576
041 0 _aeng
110 2 _aUnited Kingdom
_bDepartment of Energy and Climate Change
_95850
245 0 0 _aImproving the energy efficiency of buildings and using planning to protect the environment
_h[electronic resource]
260 _aLondon
_bDECC
_c2013
520 _aGives general information about Energy Performance of Buildings including facts about Energy Performance Certificates and Display Energy Certificates.
590 _aKA
650 2 4 _aEU DIRECTIVE 2010/31/EU
650 2 4 _aENERGY PERFORMANCE OF BUILDINGS (ENGLAND AND WALES) REGULATIONS 2012
651 4 _aUnited Kingdom
690 _aEnergy
_96237
690 _aSustainability
_96271
690 _aEnvironment
_96238
856 4 0 _uhttps://www.gov.uk/government/policies/improving-the-energy-efficiency-of-buildings-and-using-planning-to-protect-the-environment/supporting-pages/energy-performance-of-buildings
_zView the item free of charge at www.gov.uk
942 _n0
999 _c114846
_d114846